Catálogo
 En Linea

1er. concurso literario de Salcedo 1982 / (Registro nro. 38626)

Detalles MARC
000 -CABECERA
campo de control de longitud fija 00796nam a2200217 a 4500
001 - NÚMERO DE CONTROL
campo de control 000039136
005 - FECHA Y HORA DE LA ÚLTIMA TRANSACCIÓN
campo de control 20201002031519.0
008 - DATOS DE LONGITUD FIJA--INFORMACIÓN GENERAL
campo de control de longitud fija 130527s1983 dr c r 000 0 spa d
040 ## - FUENTE DE LA CATALOGACIÓN
Centro catalogador/agencia de origen DO-SdBNP
Lengua de catalogación spa
Centro/agencia transcriptor BNPHU
111 2# - ENTRADA PRINCIPAL--NOMBRE DE CONGRESO/REUNIÓN
Nombre de congreso/reunión o jurisdicción como elemento de entrada Concurso literario de Salcedo 1982
Número del congreso/reunión o número de parte o sección (1:
Fecha del congreso/reunión 2005:
-- Santo Domingo)
9 (RLIN) 65339
245 10 - MENCIÓN DE TÍTULO
Título 1er. concurso literario de Salcedo 1982 /
Mención de responsabilidad, etc. José R. Canaán Forastieri... [et. al.].
246 10 - FORMA VARIANTE DE TÍTULO
Título propio/Titulo breve Primer concurso literario de Salcedo 1982
260 ## - PUBLICACIÓN, DISTRIBUCIÓN, ETC.
Lugar de publicación, distribución, etc. Santo Domingo :
Nombre del editor, distribuidor, etc. ONAP,
Fecha de publicación, distribución, etc. 1983.
300 ## - DESCRIPCIÓN FÍSICA
Extensión 81 p. :
Otras características físicas retrs. ;
Dimensiones 22 cm.
490 1# - MENCIÓN DE SERIE
Mención de serie Ensayos
Designación de volumen o secuencia 8
700 1# - PUNTO DE ACCESO ADICIONAL--NOMBRE DE PERSONA
Nombre de persona Almonte, José Federico
9 (RLIN) 65340
700 1# - PUNTO DE ACCESO ADICIONAL--NOMBRE DE PERSONA
Nombre de persona Langina Corniel Rosa, Zaida Maribel
9 (RLIN) 65341
700 1# - PUNTO DE ACCESO ADICIONAL--NOMBRE DE PERSONA
Nombre de persona Jesús Hernández, Manuel de
9 (RLIN) 65342
700 1# - PUNTO DE ACCESO ADICIONAL--NOMBRE DE PERSONA
Nombre de persona Camilo Toribio, Disnaida
9 (RLIN) 65343
830 #0 - PUNTO DE ACCESO ADICIONAL DE SERIE-TÍTULO UNIFORME
Título uniforme Ensayos
Número de parte o sección de la obra 8
9 (RLIN) 65344
Existencias
Estado de retiro Estado de pérdida No para préstamo Código de colección Localización permanente Ubicación/localización actual Ubicación en estantería Fecha de adquisición Número de inventario Total de préstamos Signatura topográfica completa Código de barras Fecha visto por última vez Precio válido a partir de Tipo de ítem Koha
    Excluido de préstamo Patrimonio Dominicano Patrimonio Dominicano Patrimonio Dominicano En catalogación 27.05.2013 LF1   39136-10 25.06.2020 25.06.2020 Libro y Folleto Colección Patrimonio Dominicano
      Patrimonio Dominicano Patrimonio Dominicano Patrimonio Dominicano Orden iniciada 26.06.2019 LF1   39136-20 25.06.2020 25.06.2020 Libro y Folleto Colección Patrimonio Dominicano

Con tecnología Koha